María / (Record no. 184146)

MARC details
000 -LEADER
campo de control de longitud fija 00779nam a2200241 i 4500
001 - NÚMERO DE CONTROL
campo de control 184146
003 - IDENTIFICADOR DE NÚMERO DE CONTROL
campo de control ES-MaACL
005 - FECHA Y HORA DE LA ÚLTIMA TRANSACCIÓN
campo de control 20230906222053.0
008 - DATOS DE LONGITUD FIJA--INFORMACIÓN GENERAL
campo de control de longitud fija 150325s1970 sp |||| |dspa d
080 ## - NÚMERO DE LA CLASIFICACIÓN DECIMAL UNIVERSAL
Número de la Clasificación Decimal Universal 821.134.2(861)-31"18"
100 1# - ENTRADA PRINCIPAL--NOMBRE DE PERSONA
Nombre de persona Isaacs, Jorge.
9 (RLIN) 65515
245 10 - MENCIÓN DEL TÍTULO
Título María /
Mención de responsabilidad, etc. Jorge Isaacs ; edición, prólogo y notas de Donald McGrady.
260 ## - PUBLICACIÓN, DISTRIBUCIÓN, ETC.
Lugar de publicación, distribución, etc. Barcelona :
Nombre del editor, distribuidor, etc. Labor,
Fecha de publicación, distribución, etc. 1970.
300 ## - DESCRIPCIÓN FÍSICA
Extensión 396 p. ;
Dimensiones 17 cm.
490 1# - MENCIÓN DE SERIE
Mención de serie Textos hispánicos modernos ;
Designación de volumen o secuencia 10
504 ## - NOTA DE BIBLIOGRAFÍA, ETC.
Nota de bibliografía, etc. Bibliografía: p. 41-44.
597 ## - NOTA DE DESCRIPCIÓN FÍSICA
NOTA DE DESCRIPCIÓN FÍSICA En contracub.: retr. del autor.
598 ## - NOTA LOCAL
Nota local Colección dir. por Francisco Rico.
700 1# - ENTRADA AGREGADA--NOMBRE PERSONAL
Nombre de persona McGrady, Donald.
9 (RLIN) 150049
830 0# - PUNTO DE ACCESO ADICIONAL DE SERIE-TÍTULO UNIFORME
Título uniforme Textos hispánicos modernos ;
Designación de volumen o secuencia 10
9 (RLIN) 181506
852 ## - LOCALIZACIÓN
Ubicación ES-MaACL
Número de control de estantería E-15518
Holdings
Estatus retirado Estado de pérdida Estado de daño No para préstamo Biblioteca de origen Biblioteca actual Ubicación en estantería Fecha de adquisición Fuente de adquisición Total de préstamos Signatura topográfica completa Código de barras Visto por última vez Precio de reemplazo Tipo de ítem Koha
        Biblioteca del Ateneo de Madrid Biblioteca del Ateneo de Madrid Depósito 2 25/03/2015     E-15518 1193666 23/02/2023 23/02/2023 Libro impreso